Catálogo
 En Linea

Viabilidad de su aplicación de la plataforma / (Registro nro. 28472)

Detalles MARC
000 -CABECERA
campo de control de longitud fija 00609nam a2200157 a 4500
001 - NÚMERO DE CONTROL
campo de control 000028980
005 - FECHA Y HORA DE LA ÚLTIMA TRANSACCIÓN
campo de control 20200930055244.0
008 - DATOS DE LONGITUD FIJA--INFORMACIÓN GENERAL
campo de control de longitud fija 110413s1969 dr 000 0 spa d
040 ## - FUENTE DE LA CATALOGACIÓN
Centro catalogador/agencia de origen DO-SdBNP
Lengua de catalogación spa
Centro/agencia transcriptor BNPHU
049 ## - FONDOS LOCALES (OCLC)
Fondos de biblioteca BNPD
111 2# - ENTRADA PRINCIPAL--NOMBRE DE CONGRESO/REUNIÓN
Nombre de congreso/reunión o jurisdicción como elemento de entrada Seminario sobre la "plataforma para el desarrollo económico y social de la República Dominicana 1968-1958
Sede del congreso/Lugar de la reunión (Jarabacoa, República Dominicana
Fecha del congreso/reunión 1968)
9 (RLIN) 55909
245 10 - MENCIÓN DE TÍTULO
Título Viabilidad de su aplicación de la plataforma /
Mención de responsabilidad, etc. Guillermo Caram.
260 ## - PUBLICACIÓN, DISTRIBUCIÓN, ETC.
Lugar de publicación, distribución, etc. Jarabacoa, República Dominicana :
Nombre del editor, distribuidor, etc. ONAP,
Fecha de publicación, distribución, etc. 1969.
300 ## - DESCRIPCIÓN FÍSICA
Extensión 28 P. ;
Dimensiones 26 cm.
700 1# - PUNTO DE ACCESO ADICIONAL--NOMBRE DE PERSONA
Nombre de persona Caram, Guillermo
9 (RLIN) 55910
Existencias
Estado de retiro Estado de pérdida No para préstamo Código de colección Localización permanente Ubicación/localización actual Ubicación en estantería Fecha de adquisición Número de inventario Total de préstamos Signatura topográfica completa Código de barras Fecha visto por última vez Precio válido a partir de Tipo de ítem Koha
    Excluido de préstamo Patrimonio Dominicano Patrimonio Dominicano Patrimonio Dominicano En catalogación 13.04.2011 LF1   28980-10 25.06.2020 25.06.2020 Libro y Folleto Colección Patrimonio Dominicano

Con tecnología Koha